000 00823cam a22002411 4500
001 748574
003 Ke-BoTe
005 20220301115129.0
008 790723s1954 miu 000 0 eng
010 _a 54012695
040 _aDLC
_cDLC
_dDLC
050 0 0 _aBS2625
_b.B72
082 0 0 _a226.6
100 1 _aBruce, F. F.
_q(Frederick Fyvie),
_d1910-1990.
_93080
245 0 0 _aCommentary on the book of the Acts :
_bthe English text, with introduction, exposition, and notes.
260 _aGrand Rapids :
_bEerdmans,
_c1954.
300 _a555 p. ;
_c22 cm.
490 0 _aThe New international commentary on the New Testament
630 0 0 _aBible.
_pActs
_xCommentaries.
_9803
730 0 _aBible.
_pActs.
_lEnglish.
_sAmerican standard.
_f1954.
_93081
906 _a7
_bcbc
_corignew
_du
_eocip
_f19
_gy-gencatlg
942 _2lcc
_cBK
_n0
999 _c1602
_d1602